Missing Middles: 'The' Books Quiz Stats

 Plays Quiz Updated Apr 7, 2016

Challenge
Share
Tweet
Embed
Score 0/40 Timer 05:00
0 Plays Today
% Correct
Three
96.6%
Great
96.5%
Hunger
96.2%
Color
93.7%
Polar
92.8%
Bourne
92.5%
Time
91.7%
Scarlet
91.5%
Canterbury
91.1%
Secret
90.6%
Communist
90.1%
Horse
89.8%
Golden
89.7%
Black
88.7%
Kite
86.1%
Maltese
84.4%
English
83.8%
Velveteen
83.6%
Giving
83.3%
Lovely
82.2%
% Correct
Pelican
81.7%
Razor's
80.1%
Bell
79.1%
Brothers
78.8%
Dead
78.4%
Book
78.4%
Satanic
77.9%
Right
77.8%
Princess
75.7%
Accidental
75.4%
Virgin
75%
Big
74.9%
Andromeda
74%
Mysterious
72.6%
Executioner's
70.5%
Good
69.2%
Casual
67.6%
Thorn
64.4%
Caine
63.8%
Vampire
63.2%

You're not logged in!

Compare scores with friends on all Sporcle quizzes.
OR
Log In

You Might Also Like...

Show Comments

Extras

Top Quizzes Today


Score Distribution

Your Account Isn't Verified!

In order to create a playlist on Sporcle, you need to verify the email address you used during registration. Go to your Sporcle Settings to finish the process.

Report this User

Report this user for behavior that violates our Community Guidelines.

Details: